Mechanics of materials (Record no. 6912)

000 -LEADER
fixed length control field 00506nam a2200205 a 4500
001 - CONTROL NUMBER
control field 6912
003 - CONTROL NUMBER IDENTIFIER
control field BD-DhUET
008 - FIXED-LENGTH DATA ELEMENTS--GENERAL INFORMATION
fixed length control field 750825s1976 nyua bi 001 0 eng
040 ## - CATALOGING SOURCE
Original cataloging agency DLC
Transcribing agency DLC
Modifying agency BD-DhUET
082 00 - DEWEY DECIMAL CLASSIFICATION NUMBER
Classification number 620.11
Item number POP/1976
100 ## - MAIN ENTRY--PERSONAL NAME
Personal name Popov, E. P.
245 00 - TITLE STATEMENT
Title Mechanics of materials
250 ## - EDITION STATEMENT
Edition statement 2nd ed.
260 ## - PUBLICATION, DISTRIBUTION, ETC. (IMPRINT)
Place of publication, distribution, etc. New Jersey
Name of publisher, distributor, etc. Prentice-Hall
Date of publication, distribution, etc. 1976
300 ## - PHYSICAL DESCRIPTION
Extent ix,589p.
Other physical details ill.
Dimensions 24 cm.
650 #0 - SUBJECT ADDED ENTRY--TOPICAL TERM
Topical term or geographic name as entry element Strength of materials
700 ## - ADDED ENTRY--PERSONAL NAME
Personal name Nagarajan, S.
700 ## - ADDED ENTRY--PERSONAL NAME
Personal name Lu, Z. A.
942 ## - ADDED ENTRY ELEMENTS (KOHA)
Koha item type General Book
Holdings
Piece designation (barcode) Shelving location Not for loan Sublocation or collection (holding branch) Koha date last borrowed Koha normalized classification for sorting Koha date last seen Source of classification or shelving scheme Copy number Date acquired Price effective from Koha item type Location (home branch) Koha issues (times borrowed) Lost status Koha full call number Damaged status Withdrawn status
66175Circulation section Central Library, BUET2023-12-02620_110000000000000_POP_19762023-12-17 12014-12-062014-12-06General BookCentral Library, BUET2 620.11/POP/1976  
21010Circulation section Central Library, BUET 620_110000000000000_POP_19762014-12-07 22014-12-072014-12-07General BookCentral Library, BUET  620.11/ POP/1976  
7885Circulation section Central Library, BUET2023-12-11620_110000000000000_POP_19762024-01-16 32014-12-072014-12-07General BookCentral Library, BUET1 620.11/POP/1976  
45480Reading section Central Library, BUET 620_110000000000000_POP_19762015-06-30 42015-06-302015-06-30Reading ItemCentral Library, BUET  620.11/POP/1976